000 01099nam0a22002771 4500
001 rc\3940323
005 20250611031713.0
021 _aRU
_b[56-45397]
035 _a(NLR Aleph) 008037858
090 _a8862211
_c8862211
100 _a20130415d1956 |||y0rusy50 ca
101 0 _arus
102 _aRU
105 _aa z |||||
200 1 _aПередовая кролиководческая ферма
_f[Записал Н.А. Дядик
210 _aМосква
_cИзд-во М-ва сельского хозяйства СССР
_d1956]
215 _a1 л., слож. в [6] с.
_cил.
_d20
300 _aАвт. указан в конце текста: зав. кролиководческой фермой колхоза им. Ворошилова, Изюмского района
606 _aКролики
_xУход и содержание
_yХарьковская область
_2psbo
700 1 _aКравец
_bМ.Д.
702 1 _aДядик
_bН.А.
_4570
801 0 _aRU
_bNLR
_gpsbo
801 1 _aRU
_bELAR
_2rusmarc
852 _aNLR
_jС90 Г-4/4174
942 _cBOOK
980 _aNB